000 00392nam a2200133Ia 4500
008 100328s9999 xx 000 0 und d
082 _b58050
100 _aभोगले प्रभाकर
245 _aमालवणी खाजा
260 _bवसंतश्री
630 _aमालवणी खाजा
730 _aमालवणी खाजा
942 _cBOOK
999 _c544425
_d544422